Localized irrigation : Design, installation, operation, evaluation (Record no. 41109)

MARC details
000 -LEADER
fixed length control field 00416nam a2200145Ia 4500
082 ## - DEWEY DECIMAL CLASSIFICATION NUMBER
Classification number 631.67
Item number VER
100 ## - MAIN ENTRY--AUTHOR NAME
Personal name Jobling, L
245 #0 - TITLE STATEMENT
Title Localized irrigation : Design, installation, operation, evaluation
260 ## - PUBLICATION, DISTRIBUTION, ETC. (IMPRINT)
Place of publication Rome
Name of publisher FAO
Year of publication 1984
490 ## - SERIES STATEMENT
Series statement FAO irrigation and drainage paper 36
650 ## - SUBJECT ADDED ENTRY--TOPICAL TERM
Topical Term Crop irrigation design
700 ## - ADDED ENTRY--PERSONAL NAME
Personal name Vermeiren
942 ## - ADDED ENTRY ELEMENTS (KOHA)
Koha item type Books
Holdings
Withdrawn status Lost status Damaged status Not for loan Home library Current library Date acquired Cost, normal purchase price Full call number Accession Number Koha item type
        RRII Library RRII Library 16/12/2021 22.00 631.67 VER 21401 Books